00410nam a2200181Ia 4500003000400000005001700004006001800021007000300039008004100042037001700083040001800100041001300118082001900131100001500150245003800165260000900203650001600212OSt20220926042240.0a|||||r|||| 00| 0ta220923b |||||||| |||| 00| 0 eng d cGeneral Book aRTLcRTLbeng 2engaeng aXM5:(Z2):g, J7 aJhirad E E 0aLaw relating to private companies c1957 aCompany Law